000 00668nam a2200229 a 4500
001 17619
003 CO-ViMGA
008 141112s2004 ck r 000 u spa d
020 _a958692145X
040 _aCO-ViMGA
_bspa
_cCO-ViMGA
082 0 4 _a220.9 E557
100 1 _aEmbry, Margaret
_924971
245 1 0 _aHogares y familias en la epoca de la biblia
260 _aBogotá,
_cSan Pablo,
_c2000
300 _a20.p.
490 _aEl mundo de la biblia
590 _aForma de adquisición : Premio - Mincultura
650 1 4 _aBIBLIA - ASPECTOS SOCIALES
_924972
650 1 4 _aBIBLIA - HISTORIA SAGRADA
_915484
650 1 4 _aLITERATURA JUVENIL
_9314
942 _2ddc
_cBK
999 _c27112
_d27112